000 00323nam a2200109Ia 4500
008 171211s9999 xx 000 0 und d
245 _aPushing Pixels: Secret Weapons for the Modern Flash Animator
245 _cChris Georgenes
260 _c2012
650 _xDesign
856 _uhttp://down.ebook777.com/060/0240818431.pdf
999 _c347952
_d347952